WIPO Performances and Phonograms Treaty (WPPT) (1996) (Record no. 83142)

MARC details
000 -LEADER
fixed length control field 00981nam a2200193 a 4500
008 - FIXED-LENGTH DATA ELEMENTS--GENERAL INFORMATION
fixed length control field 090527s1998 ||||||||||||||||| || u
020 ## - INTERNATIONAL STANDARD BOOK NUMBER
International Standard Book Number 9789280507096
050 ## - LIBRARY OF CONGRESS CALL NUMBER
Classification number WIPO(02)
110 ## - MAIN ENTRY--CORPORATE NAME
Corporate name or jurisdiction name as entry element World Intellectual Property Organization (WIPO)
245 10 - TITLE STATEMENT
Title WIPO Performances and Phonograms Treaty (WPPT) (1996)
260 ## - PUBLICATION, DISTRIBUTION, ETC.
Place of publication, distribution, etc. Geneva
Name of publisher, distributor, etc. WIPO
Date of publication, distribution, etc. 1998
300 ## - PHYSICAL DESCRIPTION
Extent 35p.
350 ## -
-- 0.00
500 ## - GENERAL NOTE
General note With the agreed statements of the Diplomatic Conference that adopted the Treaty and the provisions of the Berne Convention (1971) and the Rome Convention (1961) referred to in the Treaty
650 #2 - SUBJECT ADDED ENTRY--TOPICAL TERM
Topical term or geographic name entry element INTELLECTUAL PROPERTY
650 ## - SUBJECT ADDED ENTRY--TOPICAL TERM
Topical term or geographic name entry element COPYRIGHT
995 ## -
-- SPECIAL COLLECTIONS
-- 0.00
-- 03004319
-- CBU-MAIN LIBRARY (Kitwe)
-- 1
-- 0.00
-- WIPO(02)1998/1B
-- 2
-- AVAILABLE
-- Jul 1, 2009
-- Z03004319
-- International Publications
995 ## -
-- SPECIAL COLLECTIONS
-- 0.00
-- 03004318
-- CBU-MAIN LIBRARY (Kitwe)
-- 1
-- 0.00
-- WIPO(02)1998/1A
-- 1
-- AVAILABLE
-- Jul 1, 2009
-- Z03004318
-- International Publications
999 ## -
-- 83142
-- 83142
Holdings
Withdrawn status Lost status Source of classification or shelving scheme Damaged status Not for loan Permanent Location Current Location Shelving location Date acquired Total Checkouts Full call number Barcode Date last seen Copy number Price effective from Koha item type
          CBU-MAIN LIBRARY, KITWE. CBU-MAIN LIBRARY, KITWE.   10/25/2023   WIPO(02)1998/1B Z03004319 10/25/2023 1 10/25/2023 SPECIAL COLLECTION
          CBU-MAIN LIBRARY, KITWE. CBU-MAIN LIBRARY, KITWE.   10/25/2023   WIPO(02)1998/1A Z03004318 10/25/2023 2 10/25/2023 SPECIAL COLLECTION